Vývoj menového kurzu československej a slovenskej koruny
Komplexný pohľad na doterajšie používané systémy menového kurzu československej a slovenskej koruny a na ich konkrétne kritériá, týkajúce sa kvality meny, metód určovania kurzov. riadenia ich pohybu a medzinárodnej spolupráce pri určovaní menových kurzov.
Uložené v:
| Hlavný autor: | |
|---|---|
| Médium: | Kapitola |
| Jazyk: | Slovak |
| Predmet: | |
| Tagy: |
Žiadne tagy, Buďte prvý, kto otaguje tento záznam!
|
MARC
| LEADER | 00000naa$a2200000$$$4500 | ||
|---|---|---|---|
| 001 | 0001714 | ||
| 005 | 20231004075927.4 | ||
| 041 | 0 | |a slo | |
| 044 | |a CZ | ||
| 245 | 1 | 0 | |a Vývoj menového kurzu československej a slovenskej koruny |c aut. Anežka Jankovská |
| 520 | |a Komplexný pohľad na doterajšie používané systémy menového kurzu československej a slovenskej koruny a na ich konkrétne kritériá, týkajúce sa kvality meny, metód určovania kurzov. riadenia ich pohybu a medzinárodnej spolupráce pri určovaní menových kurzov. | ||
| 610 | 2 | 0 | |a kurz menový |
| 610 | 2 | 0 | |a pohyby kurzové |
| 610 | 2 | 0 | |a mena |
| 610 | 2 | 0 | |a koruna |
| 610 | 2 | 0 | |a Slovensko |
| 610 | 2 | 0 | |a Československo |
| 610 | 2 | 0 | |a kôš menový |
| 610 | 2 | 0 | |a 1945-1953 |
| 610 | 2 | 0 | |a 1953-1967 |
| 610 | 2 | 0 | |a 1967-1988 |
| 610 | 2 | 0 | |a 1989-2003 |
| 100 | 1 | |a Jankovská, Anežka | |